Normal view
MARC view
- Indígenas de México
Entry Materia
001 - NÚMERO DE CONTROL DEL REGISTRO
- campo de control: 26832
003 - IDENTIFICADOR DE NUMERO DE CONTROL
- campo de control: UPN
005 - FECHA Y HORA DE LA ÚLTIMA TRANSACCIÓN
- campo de control: 20230922112333.0
008 - DATOS DE LONGITUD FIJA
- campo de control de longitud fija: 221118dn fnnnnbaba n ana |d
035 ## - NÚMERO DE CONTROL DEL SISTEMA
- Número de control del sistema: UPN10000026841
040 ## - FUENTE DE LA CATALOGACIÓN
- Lengua de catalogación: spa
- Centro catalogador de origen: MX-MxUPN
150 ## - ENCABEZAMIENTO - TEMÁTICO
- Término de materia o nombre geográfico como elemento inicial: Indígenas de México
- Subdivisión geográfica: Chiapas
- Subdivisión de materia general: Lenguas
450 ## - VÉASE - MATERIA
- Encabezamiento temático: Indios de México
- Subdivisión temática general: Lenguas
- Subdivisión geográfica: Chiapas
- Subcampo de control: nno
670 ## - FUENTE EN LA QUE SE LOCALIZARON DATOS
- Cita de la fuente: Escamilla González, G. Lista de encabezamientos de materia, 1978 :
- Información localizada: página 456 (Indios de México - Lenguas - Puebla)
670 ## - FUENTE EN LA QUE SE LOCALIZARON DATOS
- Cita de la fuente: Autoridades BGTQ, 20 septiembre 2023 :
- Información localizada: (Indígenas de México) subdivisión general (Lenguas) (Chiapas -- Historia)
902 ## - CATALOGADOR
- Catalogador: MCM/151018
- Catalogador: VíctorGodínez/200923
